000 00703nam a22002177a 4500
003 UA-OsUOA
001 65592
007 ta
008 20091201b un ||||| |||| 00| 0 ukr d
100 _aМузиченко Я.
090 _a94(477)
_bМ89
942 _cSA
040 _aUA-OsUOA
_bukr
_cUA-OsUOA
_dUA-OsUOA
245 _aЧерез Голод - до Життя. Чому геноцид не допоміг ідеологам світової революції "перетравити" українську націю
300 _aС.7
955 _a0
041 _aukr
080 _a94(477)
773 0 _w65591
650 7 _a9 Географія. Біографії. Історія
_2UDC
999 _c351620
_d351620